Herencia neoliberal y estrategia económica: algunas notas introductorias. Borrador
Bewaard in:
| Hoofdauteur: | |
|---|---|
| Formaat: | Texto |
| Gepubliceerd in: |
s.l.:
s.e.
|
| Tags: |
Voeg label toe
Geen labels, Wees de eerste die dit record labelt!
|
MARC
| LEADER | 00000 a a2200000 04500 | ||
|---|---|---|---|
| 001 | 24026 | ||
| 003 | |||
| 040 | |||
| 090 | |a 169700 | ||
| 100 | |a Lagos, Ricardo A. | ||
| 245 | |a Herencia neoliberal y estrategia económica: algunas notas introductorias. Borrador | ||
| 260 | |a s.l.: |b s.e. | ||
| 300 | |a 26 p. | ||
| 999 | |c 17298 |d 17298 | ||
